| 000 | 01357 a2200277 4500 | ||
|---|---|---|---|
| 003 | Nust | ||
| 005 | 20221209094732.0 | ||
| 010 | _a 2004042040 | ||
| 020 | _a0471649538 (cloth : acid-free paper) | ||
| 040 | _cNust | ||
| 082 | 0 | 0 | _a621.382,SIM |
| 100 | 1 |
_aSimon, Marvin Kenneth, _997382 |
|
| 245 | 1 | 0 |
_aDigital communication over fading channels / _cMarvin K. Simon and Mohamed-Slim Alouini. |
| 250 | _a2nd ed. | ||
| 260 |
_aHoboken, N.J. : _bWiley-Interscience, _cc2005. |
||
| 300 |
_axxxiv, 900 p. : _bill. ; _c25 cm. |
||
| 440 | 0 |
_aWiley series in telecommunications and signal processing _9728 |
|
| 505 | _aFundamentals (Page-3), Mathematical Tools (Page-83), Optimum Reception and Performance Evaluation (Page-189), Multiuser Communication Systems (Page-639), Coded Communication Systems (Page-759) | ||
| 650 | 0 |
_aDigital communications _xReliability _xMathematics. _9104530 |
|
| 650 | 0 |
_aTelecommunication engineering _xTransmitters and transmission _xFading. _9104531 |
|
| 700 | 1 |
_aAlouini, Mohamed-Slim. _997387 |
|
| 856 | 4 | 2 |
_3Contributor biographical information _uhttp://www.loc.gov/catdir/enhancements/fy0617/2004042040-b.html |
| 856 | 4 | 2 |
_3Publisher description _uhttp://www.loc.gov/catdir/description/wiley042/2004042040.html |
| 856 | 4 | 2 |
_3Table of contents only _uhttp://www.loc.gov/catdir/toc/wiley041/2004042040.html |
| 942 |
_2ddc _cBK |
||
| 999 |
_c189530 _d189530 |
||